Selected Russian short stories, (Record no. 128516)
[ view plain ]
| 000 -LEADER | |
|---|---|
| fixed length control field | 01217cam a22002531 4500 |
| 001 - CONTROL NUMBER | |
| control field | 9672831 |
| 003 - CONTROL NUMBER IDENTIFIER | |
| control field | ARRUPE |
| 005 - DATE AND TIME OF LATEST TRANSACTION | |
| control field | 20181108111542.0 |
| 008 - FIXED-LENGTH DATA ELEMENTS--GENERAL INFORMATION | |
| fixed length control field | 740521s1925 enk 000 1 eng |
| 010 ## - LIBRARY OF CONGRESS CONTROL NUMBER | |
| LC control number | 26018393 |
| 035 ## - SYSTEM CONTROL NUMBER | |
| System control number | (OCoLC)892124 |
| 040 ## - CATALOGING SOURCE | |
| Original cataloging agency | DLC |
| Transcribing agency | OGK |
| Modifying agency | DLC |
| 041 1# - LANGUAGE CODE | |
| Language code of text/sound track or separate title | eng |
| Language code of original and/or intermediate translations of text | rus |
| 050 00 - LIBRARY OF CONGRESS CALL NUMBER | |
| Classification number | PZ1.C358 |
| Item number | S4 |
| 300 ## - PHYSICAL DESCRIPTION | |
| Dimensions | 15 cm. |
| 100 1# - MAIN ENTRY--PERSONAL NAME | |
| Personal name | Chamot, A. E. |
| Fuller form of name | (Alfred Edward), |
| Dates associated with a name | 1855- |
| Relator term | comp. and tr. |
| 9 (RLIN) | 43287 |
| 245 00 - TITLE STATEMENT | |
| Title | Selected Russian short stories, |
| Statement of responsibility, etc | chosen and translated by A. E. Chamot. |
| 260 ## - PUBLICATION, DISTRIBUTION, ETC. (IMPRINT) | |
| Place of publication, distribution, etc | London, |
| -- | New York, |
| Name of publisher, distributor, etc | H. Milford, Oxford University Press |
| Date of publication, distribution, etc | [1925] |
| 300 ## - PHYSICAL DESCRIPTION | |
| Extent | xiv, 344 p. |
| 490 0# - SERIES STATEMENT | |
| Series statement | The world's classics, CCLXXXVII |
| 505 0# - FORMATTED CONTENTS NOTE | |
| Formatted contents note | Pushkin, A. S. The queen of spades.--Gogol, N. Christmas eve.--Lermontov, M. Y. Taman. Ashik-Kerib.--Turgenev, I. S. Asya.--Dostoevski, F, M. A nasty story.--Garshin, V. M. The signal. The red flower.--Chekhov, A. An awkward situation. The thieves.--'Gorki, M.' (Peshkov) In the steppes. The khan and his son.--Kuprin, A. Temptation.--Andreev, L. N. The lie. Silence. |
| 650 #0 - SUBJECT ADDED ENTRY--TOPICAL TERM | |
| Topical term or geographic name as entry element | Russian fiction |
| Form subdivision | Translations into English. |
| 9 (RLIN) | 43288 |
| 650 #0 - SUBJECT ADDED ENTRY--TOPICAL TERM | |
| Topical term or geographic name as entry element | English fiction |
| Form subdivision | Translations from Russian |
| 9 (RLIN) | 43289 |
| 906 ## - LOCAL DATA ELEMENT F, LDF (RLIN) | |
| a | 7 |
| b | cbc |
| c | oclcrpl |
| d | u |
| e | ncip |
| f | 19 |
| g | y-gencatlg |
| 942 ## - ADDED ENTRY ELEMENTS (KOHA) | |
| Source of classification or shelving scheme | Library of Congress Classification |
| Koha item type | Monograph ( Printed materials) |
| Withdrawn status | Lost status | Source of classification or shelving scheme | Damaged status | Not for loan | Collection code | Home library | Current library | Shelving location | Date acquired | Total Checkouts | Full call number | Barcode | Date last seen | Price effective from | Koha item type |
|---|---|---|---|---|---|---|---|---|---|---|---|---|---|---|---|
| Library of Congress Classification | Main Collection | ARRUPE LIBRARY | ARRUPE LIBRARY | Main Collection | 08/11/2018 | PZ1.C358 S4 | 46600002476 | 08/11/2018 | 08/11/2018 | Monograph ( Printed materials) |